Le spectateur nocturne

Uloženo v:
Podrobná bibliografie
Hlavní autor: Peyrefitte, Roger
Médium: Kniha
Jazyk:Undetermined
Vydáno: París, Francia Flammarion 1960
Témata:
Tagy: Přidat tag
Žádné tagy, Buďte první, kdo vytvoří štítek k tomuto záznamu!

MARC

LEADER 00000nam a2200000Ia 4500
008 170316s9999 xx 000 0 und d
040 |a cru BVZT 
090 |a 840 P-11s 
100 |a Peyrefitte, Roger 
245 |a Le spectateur nocturne 
260 |a París, Francia 
260 |b Flammarion 
260 |c 1960 
300 |a 160 páginas 
650 |a LITERATURA FRANCESA 
999 |c 7877  |d 7877 
942 |c 15 D  |h 840 P-11s  |2 z